| Tag |
First Indicator |
Second Indicator |
Subfields |
| LEADER |
00000nam a2200000Ia 4500 |
| 001 |
in00004306321 |
| 005 |
20200810090832.0 |
| 006 |
m g d |
| 007 |
cr bn |||a|bb| |
| 008 |
881025s1651 enk o 00| | lat d |
| 035 |
|
|
|a (OCoLC)18664202
|
| 040 |
|
|
|a EAI
|c EAI
|d WaOLN
|
| 037 |
|
|
|a CL0037000060
|b ProQuest Information and Learning. 300 N. Zeeb Rd., Ann Arbor, MI 48106
|
| 090 |
|
|
|a DA396
|b .M54 1651
|
| 049 |
|
|
|a EAIA
|
| 100 |
1 |
|
|a Milton, John,
|d 1608-1674.
|
| 240 |
1 |
0 |
|a Pro populo Anglicano defensio.
|f 1651
|
| 245 |
1 |
0 |
|a Ioannis Miltoni Angli Pro popvlo Anglicano defensio :
|b contra Clavdii anonymi, aliàs Salmasii, Defensionem regiam.
|
| 260 |
|
|
|a Londini :
|b Typis Dv Gardianis ...,
|c 1651.
|
| 300 |
|
|
|a 1 online resource (283 pages)
|
| 336 |
|
|
|a text
|b txt
|2 rdacontent
|
| 337 |
|
|
|a computer
|b c
|2 rdamedia
|
| 338 |
|
|
|a online resource
|b cr
|2 rdacarrier
|
| 500 |
|
|
|a Reproduction of original in the University of Illinois (Urbana-Champaign Campus). Library.
|
| 510 |
4 |
|
|a Wing
|c M2168C
|
| 533 |
|
|
|a Electronic reproduction.
|b Ann Arbor, Mich. :
|c UMI,
|d 1999-
|f (Early English books online)
|n Digital version of: (Early English books, 1641-1700 ; 1657:15)
|7 s1999 miun s
|
| 600 |
0 |
0 |
|a Charles
|b I,
|c King of England,
|d 1600-1649.
|
| 600 |
1 |
0 |
|a Saumaise, Claude,
|d 1588-1653.
|t Defensio regia pro Carolo I.
|
| 830 |
|
0 |
|a Early English books online.
|
| 856 |
4 |
0 |
|u http://proxy.library.tamu.edu/login?url=https://search.proquest.com/docview/2240871262
|z Connect to the full text of this electronic book
|t 0
|
| 999 |
f |
f |
|s 7f51e821-9984-3084-ae13-853563340b93
|i aed9c5e6-7887-3854-a812-4159c5dfb6da
|t 0
|
| 952 |
f |
f |
|a Texas A&M University
|b College Station
|c Electronic Resources
|d Available Online
|t 0
|e DA396 .M54 1651
|h Library of Congress classification
|
| 998 |
f |
f |
|a DA396 .M54 1651
|t 0
|l Available Online
|